Kto si?

Bibliographic Details
Main Author: Kvašaiová, Diana (Author)
Format: Book
Language:Slovak
PhysicalDescription:234 strán modely, schémy, tabuľky 21 cm
Published: [Nová Dedinka] N.E.B.O. s.r.o. 2023
ISBN:9788097472900
Edition:Vydanie: prvé
Subjects:

MARC

LEADER 00000cam a2200000 4500
001 vtls012261769
003 SK-MaSNL
005 20260302005421.0
008 240807s2023 xo al g f 010 0 slo
015 |a SNBA2024/11 
020 |a 9788097472900  |q (brožované) 
040 |a SNK  |b slo  |c SNK  |e rda 
041 0 |a slo 
044 |a xo  |c SK 
072 7 |a 133  |x Ezoterizmus. Okultizmus  |2 konspekt 
080 |a 133.2  |2 2011 
080 |a 27-582/-587  |2 2011 
080 |a 159.923.5  |2 2011 
080 |a 133.5:51  |2 2011 
080 |a 511:165.212  |2 2011 
080 |a (0.062)  |2 2011 
080 |a (035)  |2 2011 
100 1 |a Kvašaiová, Diana  |4 aut  |9 374386 
245 1 0 |a Kto si?  |c Diana Kvašaiová 
250 |a Vydanie: prvé 
264 1 |a [Nová Dedinka]  |b N.E.B.O. s.r.o.  |c 2023 
300 |a 234 strán  |b modely, schémy, tabuľky  |c 21 cm 
336 |a text  |b txt  |2 rdacontent 
337 |a bez média  |b n  |2 rdamedia 
338 |a zväzok  |b nc  |2 rdacarrier 
500 |a Miesto vydania podľa NA ISBN 
650 0 7 |a duchovná cesta  |2 SNKPH  |9 67470 
650 0 7 |a sebapoznanie  |2 SNKPH  |9 4292 
650 0 7 |a rozvoj osobnosti  |2 SNKPH  |9 63298 
650 0 7 |a numerológia  |2 SNKPH  |9 2089 
650 0 7 |a symbolika čísel  |2 SNKPH  |9 69604 
650 0 7 |a Spiritual path  |2 SNKPHeng  |9 276105 
650 0 7 |a Self-consciousness  |2 SNKPHeng  |9 281701 
650 0 7 |a Personality development  |2 SNKPHeng  |9 275896 
650 0 7 |a Numerology  |2 SNKPHeng  |9 317445 
650 0 7 |a Symbolism of numbers  |2 SNKPHeng  |9 151031 
655 7 |a populárno-náučné publikácie  |2 SNKPH  |9 70460 
655 7 |a Popular works  |2 SNKPHeng  |9 90287 
655 7 |a príručky  |2 SNKPH  |9 74364 
655 7 |a Handbooks, manuals, etc.  |2 SNKPHeng  |9 90964 
700 1 |a Prokopčáková, Katarína  |4 bkd  |9 420903 
852 |a Slovenská národná knižnica 
919 |a 978-80-974729-0-0 
954 |a iná literatúra (príručky, kuchárske knihy, hobby literatúra, sprievodcovia) pôvodná (slovenská)  |2 lita 
999 |c 999373  |d 1001303 
952 |a SNK  |b SNK  |y PREZ  |7 0  |p 17A1551849  |o snkSC 207628  |i snk2024/13383  |8 0  |0 0  |1 0  |4 0  |d 2024-08-22  |l 0  |r 2025-10-31 00:00:00  |w 2026-02-24 
952 |a SNK  |b SNK  |y VYP  |7 0  |p 17A1551850  |o snkSC 207628 D1  |i snk2024/13384  |8 0  |0 0  |1 0  |4 0  |d 2024-08-22  |l 0  |r 2026-02-24 12:15:05  |w 2026-02-24